Institucionální vývoj Evropské unie od Maastrichtské smlouvy k východnímu rozšíření hledání rovnováhy mezi společenstvím a jeho členskými státy
Salvato in:
| Autore principale: | |
|---|---|
| Natura: | Libro |
| Lingua: | ceco |
| Pubblicazione: |
Praha
Univerzita Karlova v Praze. Nakladatelství Karolinum
2004
|
| Soggetti: | |
| Tags: |
Nessun Tag, puoi essere il primo ad aggiungerne!!
|
MARC
| LEADER | 00000nam$a2200000$$$4500 | ||
|---|---|---|---|
| 001 | 0035432 | ||
| 005 | 20240306141417.3 | ||
| 020 | |a 80-246-0800-6 | ||
| 041 | 0 | |a cze | |
| 044 | |a CZ | ||
| 245 | 1 | 0 | |a Institucionální vývoj Evropské unie od Maastrichtské smlouvy k východnímu rozšíření |b hledání rovnováhy mezi společenstvím a jeho členskými státy |c Běla Plechanovová |
| 264 | 1 | |a Praha |b Univerzita Karlova v Praze. Nakladatelství Karolinum |c 2004 | |
| 300 | |a 355 s. | ||
| 610 | 2 | 0 | |a Európska únia |
| 610 | 2 | 0 | |a integrácia |
| 610 | 2 | 0 | |a Európske spoločenstvá |
| 610 | 2 | 0 | |a história |
| 610 | 2 | 0 | |a zmluvy medzinárodné |
| 100 | 1 | |a Plechanovová, Běla | |